000 00703nam a2200229 i 4500
001 bg
245 0 0 _aHandbook of ecotoxicology /
_cDavid J. Hoffman [et al.].
260 _aBoca Raton [etc.] :
_bLewis,
_ccop. 1995.
300 _aX, 755 s. :
_b2 fot., mapy, rys., wykr. ;
_c26 cm.
504 _aBibliogr., summ. przy rozdz. - Indeks.
650 9 _aŚrodowisko człowieka
_xhigiena
_xbadanie
650 9 _aToksykologia
_xzagadnienia
650 9 _aEkologia
_xzagadnienia
700 1 _aHOFFMAN, David John
_d(1944- )
020 _a0873715853
040 _cBPK
041 0 _aen
080 _a504.054:574:615.9
920 _a0-87371-585-3
942 _cKS
008 s pl f |000 0 pol
999 _c32940
_d32940
856 _uhttp://koha.tu.koszalin.pl/cgi-bin/koha/opac-detail.pl?biblionumber=32940
_yKatalog online BPK